Ochrana životního prostředí v Arktidě jako mezinárodní režim

Pohľad na súčasný stav ochrany životného prostredia v Arktíde ako na medzinárodný režim. Základné charakteristiky arktického režimu a arktického environmentálneho režimu ako pevnosť, inštitucionálna štruktúra, medzinárodnosť a dohodnuté postupy rozvoja režimu. Porovnanie oblasti Arktídy a Antarktídy...

Descrizione completa

Salvato in:
Dettagli Bibliografici
Autore principale: Trávníčková, Zuzana
Altri autori: Knotková, Vladimíra
Natura: Capitolo di libro
Lingua:ceco
Soggetti:
Tags: Aggiungi Tag
Nessun Tag, puoi essere il primo ad aggiungerne!!

MARC

LEADER 00000naa a2200000 4500
001 0176505
005 20231208075640.4
041 0 |a cze 
044 |a CZ 
245 1 0 |a Ochrana životního prostředí v Arktidě jako mezinárodní režim  |c Zuzana Trávníčková, Vladimíra Knotková 
520 |a Pohľad na súčasný stav ochrany životného prostredia v Arktíde ako na medzinárodný režim. Základné charakteristiky arktického režimu a arktického environmentálneho režimu ako pevnosť, inštitucionálna štruktúra, medzinárodnosť a dohodnuté postupy rozvoja režimu. Porovnanie oblasti Arktídy a Antarktídy. Súčasná dynamika arktického režimu. 
610 2 0 |a ochrana prostredia životného 
610 2 0 |a ochrana prírody 
610 2 0 |a spolupráca medzinárodná 
610 2 0 |a environmentalistika 
610 2 0 |a Arktída 
610 2 0 |a Antarktída 
100 1 |a Trávníčková, Zuzana 
700 1 |a Knotková, Vladimíra